000 00243 a2200109 4500
245 _aAnd then you die
_hText
020 _a038565921-0
100 _aMichael Dibdin
650 _aliterature
005 20191017173409.0
260 _bVintage Books
_c2003
084 _aPZ3D5GA5
999 _c10203
_d10203